00350nam a2200109Ia 450000500170000000800410001710000190005824501290007726000100020630000110021665000130022720260328104309.0260328s9999||||xx |||||||||||||| ||und|| aBroto, Carles  0aApartament Buildings now conception et Design :b logements collectifs; Innovación en Vivienda colectiva /cCarles Broto bLinks a288 p. aVIVIENDA